Countries with only one neighboring country - Statistics

General Stats
  • This quiz has been taken 18 times
    6 since last reset
  • The average score is 10 of 14
Answer Stats
Answer % Correct
Ireland
100%
East Timor
75%
Gambia
75%
Lesotho
75%
Monaco
75%
Papua New Guinea
75%
Portugal
75%
Qatar
75%
San Marino
75%
Brunei
50%
Dominican Republic
50%
Haiti
50%
South Korea
50%
Vatican City
50%
No matching quizzes found
Score Distribution
Percent of People with Each Score
Percentile by Number Answered
Your Score History
You have not taken this quiz since the last reset